| 000 | 00557nam a2200169Ia 4500 | ||
|---|---|---|---|
| 003 | OSt | ||
| 005 | 20210918120027.0 | ||
| 008 | 190216s9999||||xx |||||||||||||| ||und|| | ||
| 040 | _coclc | ||
| 082 |
_a297 _bALM/M |
||
| 100 |
_aAl Muquaddisi, Al Imam Muwaffin Al Deen Abdullah Ibn Ahmed Ibn Qudhamath _98844 |
||
| 245 | 0 |
_aAl Muknighu / _cAl Imam Muwaffin Al Deen Abdullah Ibn Ahmed Ibn Qudhamath Al Muquaddisi |
|
| 260 |
_bKitab Bhavan, _aNew Delhi: |
||
| 300 | _a538p | ||
| 650 | _aArabic | ||
| 942 |
_cBK _2ddc _h297 _iALM/M _k297 _mALM/M |
||
| 999 |
_c344 _d344 |
||